Statistics for World Leaders That Have Had Covid-19

Click here to take the quiz!

General Stats

  • This quiz has been taken 12 times
  • The average score is 4 of 14

Answer Stats

TitleLeaderCountry% Correct
PresidentDonald TrumpUnited States
100%
Prime MinisterBoris JohnsonUnited Kingdom
92%
PresidentEmmanuel MacronFrance
75%
PresidentJair BolsonaroBrazil
67%
PresidentAndrzej DudaPoland
8%
PresidentJeanine ÁñezBolivia
8%
Prime MinisterMikhail MishustinRussia
8%
PresidentAbdelmadjid TebbouneAlgeria
0%
PresidentAlejandro GlammatteiGuatemala
0%
PresidentAlexander LucashenkoBelarus
0%
Prime Minister (deceased)Ambrose DlaminiEswatini
0%
Prime MinisterBoyko BorrisovBulgaria
0%
PresidentJuan Orlando HernándezHonduras
0%
Prime MinisterNikol PashinyanArmenia
0%

Score Distribution

Percentile by Number Answered

Percent of People with Each Score

Your Score History

You have not taken this quiz